Islamic Republic of Iran : Selected Issues Paper.

This Selected Issues paper discusses the economics of energy price reform in the Islamic Republic of Iran. Economic policies in Iran have traditionally relied on the abundant availability of energy at a low price to finance the country's economic development. Low domestic energy prices have res...

Descrición completa

Detalles Bibliográficos
Autor Corporativo: International Monetary Fund
Formato: Revista
Idioma:English
Publicado: Washington, D.C. : International Monetary Fund, 2010.
Series:IMF Staff Country Reports; Country Report ; No. 2010/076
Acceso en liña:Full text available on IMF
LEADER 01594cas a2200241 a 4500
001 AALejournalIMF006371
008 230101c9999 xx r poo 0 0eng d
020 |c 5.00 USD 
020 |z 9781451981803 
022 |a 1934-7685 
040 |a BD-DhAAL  |c BD-DhAAL 
110 2 |a International Monetary Fund. 
245 1 0 |a Islamic Republic of Iran :   |b Selected Issues Paper. 
264 1 |a Washington, D.C. :  |b International Monetary Fund,  |c 2010. 
300 |a 1 online resource (21 pages) 
490 1 |a IMF Staff Country Reports 
500 |a <strong>Off-Campus Access:</strong> No User ID or Password Required 
500 |a <strong>On-Campus Access:</strong> No User ID or Password Required 
506 |a Electronic access restricted to authorized BRAC University faculty, staff and students 
520 3 |a This Selected Issues paper discusses the economics of energy price reform in the Islamic Republic of Iran. Economic policies in Iran have traditionally relied on the abundant availability of energy at a low price to finance the country's economic development. Low domestic energy prices have resulted in excessive use of energy. Iran's domestic energy use has been high by international standards, and energy demand growth has exceeded the rate of growth of per capita income, in contrast to the experience of the majority of low and high-income countries. 
538 |a Mode of access: Internet 
830 0 |a IMF Staff Country Reports; Country Report ;  |v No. 2010/076 
856 4 0 |z Full text available on IMF  |u http://elibrary.imf.org/view/journals/002/2010/076/002.2010.issue-076-en.xml  |z IMF e-Library